| Tag |
First Indicator |
Second Indicator |
Subfields |
| LEADER |
00000cam a2200000 i 4500 |
| 001 |
in00004785021 |
| 008 |
080225r20001993nyu 000 f eng |
| 005 |
20240830184605.0 |
| 010 |
|
|
|a 99046567
|
| 020 |
|
|
|a 9780446675505
|q (paperback)
|
| 020 |
|
|
|a 0446675504
|q (paperback)
|
| 020 |
|
|
|z 1417738693
|
| 020 |
|
|
|z 9781417738694
|
| 020 |
|
|
|z 9781435242470
|
| 020 |
|
|
|z 1435242475
|
| 035 |
|
|
|a (OCoLC)ocn206782144
|
| 035 |
|
|
|a (OCoLC)206782144
|
| 040 |
|
|
|a MMV
|e rda
|c MMV
|d VRC
|d IXA
|d EIK
|d BDX
|d SHS
|d CUT
|d FEM
|d LKC
|d TXA
|
| 041 |
0 |
|
|h eng
|
| 043 |
|
|
|a n-us-ca
|
| 082 |
0 |
|
|a 813.54
|
| 090 |
|
|
|a PS3552.U827
|b P37 2000
|
| 100 |
1 |
|
|a Butler, Octavia E.,
|e author.
|
| 245 |
1 |
0 |
|a Parable of the sower /
|c Octavia E. Butler.
|
| 264 |
|
1 |
|a New York :
|b Grand Central Publishing,
|c [2000].
|
| 264 |
|
4 |
|c ©1993.
|
| 300 |
|
|
|a 345 pages ;
|c 21 cm.
|
| 336 |
|
|
|a text
|b txt
|2 rdacontent
|
| 337 |
|
|
|a unmediated
|b n
|2 rdamedia
|
| 338 |
|
|
|a volume
|b nc
|2 rdacarrier
|
| 490 |
1 |
|
|a Earthseed books
|
| 500 |
|
|
|a "Sequel: Parable of the talents."
|
| 520 |
|
|
|a When global climate change and economic crises lead to social chaos in the early 2020s, California becomes full of dangers, from pervasive water shortage to masses of vagabonds who will do anything to live to see another day. Fifteen-year-old Lauren Olamina lives inside a gated community with her preacher father, family and neighbors, sheltered from the surrounding anarchy. In a society where any vulnerability is a risk, she suffers from hyperempathy, a debilitating sensitivity to others' emotions. Precocious and clear-eyed, Lauren must make her voice heard in order to protect her loved ones from the imminent disasters her small community stubbornly ignores. But what begins as a fight for survival soon leads to something much more, the birth of a new faith and a startling vision of human destiny.
|
| 650 |
|
0 |
|a African Americans
|v Fiction.
|
| 650 |
|
0 |
|a African American women
|v Fiction.
|
| 650 |
|
0 |
|a Dystopias
|v Fiction.
|
| 650 |
|
0 |
|a Psychic ability
|v Fiction.
|
| 650 |
|
0 |
|a Twenty-first century
|v Fiction.
|
| 650 |
|
0 |
|a Faith
|v Fiction.
|
| 651 |
|
0 |
|a California, Southern
|v Fiction.
|
| 800 |
1 |
|
|a Butler, Octavia E.
|t Earthseed books.
|
| 948 |
|
|
|a dmitchel 8/30/24 1.44.28
|
| 994 |
|
|
|a Z0
|b TXA
|
| 999 |
f |
f |
|s 2f1862b7-8ccc-437c-a8ce-8f6a900f67f6
|i bfe77815-16f9-45d2-8a72-a959284c0b14
|t 0
|
| 952 |
f |
f |
|p normal
|a Texas A&M University
|b College Station
|c Sterling C. Evans Library
|s Evans stk
|d Evans: Library Stacks
|t 0
|e PS3552.U287 P37 2000
|h Library of Congress classification
|i unmediated -- volume
|m A14852099416
|
| 998 |
f |
f |
|a PS3552.U287 P37 2000
|t 0
|l Evans: Library Stacks
|